| 000 | 01076nam a2200277Ia 4500 | ||
|---|---|---|---|
| 003 | OSt | ||
| 005 | 20220923211130.0 | ||
| 006 | a|||||r|||| 00| 0 | ||
| 007 | ta | ||
| 008 | 220922b |||||||| |||| 00| 0 hin d | ||
| 020 |
_a8185127530 (pbk) _c25 |
||
| 024 | _a352,873 | ||
| 037 |
_bGV722, 11/03/2020, Vani Prakashan _cTextual |
||
| 040 |
_aARTS _cARTS _bhin |
||
| 041 |
_2hin _ahin |
||
| 082 | _aO152,1N451x, N6 | ||
| 100 |
_aआचार्य, नन्दकिशोर, ले. _9158564 |
||
| 245 | 0 |
_aबारीश में खंडहर _b कविता संचयन |
|
| 246 | _aBārīsh mean khanḍahara: kavitā sanchayana | ||
| 260 |
_aबीकानेर _b वाग्देवी प्रकाशन _c1996 |
||
| 300 |
_a176पृ. _ccm. |
||
| 650 |
_a हिन्दी साहित्य _9156264 |
||
| 650 | _aहिन्दी कविता | ||
| 942 |
_hO152,1N451x, N6 _cTEXL _2CC |
||
| 999 |
_c295737 _d295737 |
||